000 00875nam a2200229Ii 4500
003 JO-AjNU
008 230605s9999||||xx |||||||||||||| ||und||
017 _a2020/12/5266
020 _a978-9923-28-085-0
040 _aJO-AjNU
_bara
_erda
_cJO-AjNU
041 _aara
050 1 4 _aRC454.2022
100 3 _a حسن،نادية جودت,
_eauthor
_961522
245 0 0 _aعلم النفس المرضي=Psychopathology
250 _aالطبعة الاولى
264 3 1 _aعمان: دار صفاء للنشر والتوزيع، 2022
300 _a236ص
_b ويحتوي على قائمة مراجع من ص231-ص236
336 _atext
_btxt
_2rdacontent
337 _aunmediated
_bn
_2rdamedia
338 _avolume
_bnc
_2rdacarrier
650 4 _aالاضطرابات النفسية-الصحة النفسية-العلاج النفسي-علم النفس المرضي
_961523
999 _aA27813
_c31381
_d31381